Statistics for Countries of the world in own language

Click here to take the quiz!

General Stats

  • This quiz has been taken 8 times
  • The average score is 82 of 196

Answer Stats

Country% Correct
United Kingdom
100%
Antigua and Barbuda
88%
Ireland
88%
Saint Kitts and Nevis
88%
Saint Lucia
88%
United States of America
88%
Andorra
75%
Ayiti
75%
Canada
75%
Cuba
75%
France
75%
Grenada
75%
Guyana
75%
Italia
75%
Liechtenstein
75%
Malta
75%
San Marino
75%
Singapore
75%
Trinidad and Tobago
75%
日本
63%
تونس
63%
इंडिया
63%
Angola
63%
Argentina
63%
Australia
63%
Bahamas
63%
Belgique
63%
Benin
63%
Bolivia
63%
Botswana
63%
Brasil
63%
Brunei Darussalam
63%
Burundi
63%
Chile
63%
Colombia
63%
Congo
63%
Danmark
63%
España
63%
Federated States of Micronesia
63%
Gabon
63%
Gambia
63%
Ghana
63%
Guinée
63%
Iceland
63%
Indonesia
63%
Jamaica
63%
kenya
63%
Kiribati
63%
les Seychelles
63%
Luxembourg
63%
Madagasikara
63%
Malawi
63%
Mali
63%
Monaco
63%
Namibia
63%
New Zealand
63%
Niger
63%
Nigeria
63%
Norge
63%
Paraguay
63%
Portugal
63%
République Démocratique du Congo
63%
Saint Vincent and the Grenadines
63%
São Tomé e Príncipe
63%
Senegal
63%
Suid-Afrika
63%
Suriname
63%
Tanzania
63%
Togo
63%
Uruguay
63%
Venezuela
63%
Zambia
63%
Zimbabwe
63%
မြန်မာ
50%
العراق
50%
پاکستان
50%
جيبوتي
50%
ශ්රී ලංකාව
50%
سودان
50%
الصومال
50%
Barbados
50%
Burkina Faso
50%
cabo Verde
50%
Costa Rica
50%
Cote d'ivoire
50%
Deutschland
50%
Dominica
50%
Ecuador
50%
El Salvador
50%
Fiji
50%
Guatemala
50%
Honduras
50%
Kosovo
50%
Lesotho
50%
Liberia
50%
Malaysia
50%
Maldives
50%
Mauritius
50%
Méjico
50%
Nederland
50%
Nicaragua
50%
Panamá
50%
Perú
50%
Polska
50%
República Dominicana
50%
Repubrikin Naoero
50%
Rwanda
50%
Sāmoa
50%
Sierra Leone
50%
Solomon Islands
50%
Suomi
50%
Sverige
50%
Swaziland
50%
Tuvalu
50%
Uganda
50%
Vanuatu
50%
台湾
38%
Belize
38%
Česká republika
38%
Hrvatska
38%
Lietuva
38%
Moldova
38%
Österreich
38%
Philippines
38%
Puleʻanga Fakatuʻi ʻo Tonga
38%
România
38%
South Sudan
38%
Suisse
38%
Timor Leste
38%
Türkiye
38%
Македонија
25%
Україна
25%
България
25%
Монгол улс
25%
Россия
25%
Србија
25%
Bosna i Hercegovina
25%
Cameroun
25%
Comores
25%
Crna Gora
25%
Eesti
25%
Hellas
25%
Latvija
25%
Magyarország
25%
Shqipëri
25%
Slovenija
25%
Slovensko
25%
Tchad
25%
საქართველო
13%
Кыргызстан
13%
Беларусь
13%
Қазақстан
13%
Azərbaycan
13%
Beluu er a Belau
13%
Città del Vaticano
13%
Guiné-Bissau
13%
Moçambique
13%
Papua Niu Gini
13%
République centrafricaine
13%
ایران
0%
тољикистон
0%
ประเทศไทย
0%
الإمارات العربية المتحدة
0%
اليمن
0%
الجزائر
0%
ኢትዮጵያ
0%
المملكة العربية السعودية
0%
المغرب
0%
موريتانيا
0%
مصر
0%
مرحبا
0%
إريترا
0%
대한민국
0%
سوريا
0%
دولة قطر
0%
ລາວ
0%
الأردن
0%
الكويت
0%
中国
0%
កម្ពុជា
0%
འབྲུག་རྒྱལ་ཁབ
0%
বাংলাদেশ
0%
سلطنة عمان
0%
البحرين
0%
Հայաստան
0%
افغانستان
0%
لبنان
0%
नेपाल
0%
북한
0%
ישראל
0%
Aolepān Aorōkin M̧ajeļ
0%
Guinea Ecuatorial
0%
Kıbrıs
0%
O'zbekiston
0%
Türkmenistan
0%
Việt Nam
0%

Score Distribution

Percentile by Number Answered

Percent of People with Each Score

Your Score History

You have not taken this quiz